Mechanosorptive Eigenschaften von bewehrtem Brettschichtholz: Relaxation bei zyklischer Klimabelastung

Bibliographic Details
Main Authors: Popper, Rudolf (Author), Gehri, Ernst (Author), Eberle, Gerhild (Author)
Format: Article
Language:Slovak
German
PhysicalDescription:Obr., tab.
ISSN:0012-6136
Subjects:

MARC

LEADER 00000nab a2200000 a 4500
001 vtls000692865
003 SK-MaSNL
005 20260304090902.0
008 250425c1999 xo 0 slo
015 |a SNBRB1999/04-08657 
035 |a CLN000045032 
035 |a (urnnbn)urn:nbn:sk:snk:ar-003kbx 
035 |a (uuid)1f878e56-7dee-46b3-ba91-dbf492b76a28 
035 |a urn:nbn:sk:snk-ab7tgl 
040 |a SNKBUCL  |b slo  |c SNKBUCL  |e AACR2 
041 0 |a ger 
044 |a xo  |c SK 
080 |a 674-419  |2 1997 
080 |a 630 81  |2 1997 
100 1 |a Popper, Rudolf  |4 aut  |9 1154616 
245 1 0 |a Mechanosorptive Eigenschaften von bewehrtem Brettschichtholz: Relaxation bei zyklischer Klimabelastung  |c Rudolf Popper, Ernst Gehri, Gerhild Eberle 
300 |b Obr., tab. 
504 |a Res. angl., nem., rus., slov. 
504 |a Bibliogr. odkazy 
650 0 7 |a dosky vrstvené lepené  |2 snkbucl  |9 1382525 
650 0 7 |a mechanická sorpcia  |2 snkbucl  |9 1382526 
655 7 |a články z novín a časopisov  |2 snkbucl  |9 267496 
700 1 |a Gehri, Ernst  |4 aut  |9 1382527 
700 1 |a Eberle, Gerhild  |4 aut  |9 1154618 
773 0 |t Drevársky výskum  |g Roč. 44, č. 1 (1999), s. 1-11  |x 0012-6136 
850 |a Slovenská národná knižnica 
852 |a Slovenská národná knižnica 
958 |a article9 
958 |a OND 
958 |a NB 
958 |a EUIPO 
992 |a RBX 
999 |c 2813170  |d 2815100